000 00702nam a2200289Ia 4500
005 20260324113154.0
008 008 260324s9999 xx 000 0 eng d
020 _a9781003160120
037 _aEBOOK
040 _aCRL
040 _beng
040 _cCRL
041 _2eng
041 _aeng
084 _qCRL
100 _aSalah Basalamah
_91145707
245 2 _aA Bergsonian Approach to Translation and Time
245 0 _bToward Spiritual Translation Studies
260 _bTaylor and Francis
260 _c2024
365 _a
365 _b205
856 _uhttp://www.taylorfrancis.com/books/9781003160120
942 _cEBOOK
999 _c1735216
_d1735216